Mean Girls - Personnages par photo - Statistiques

Statistiques générales
  • Ce quiz a été pris 112 fois
  • Le résultat moyen est 5 sur 16
Statistiques - réponses
Par images Réponse % Correct
Regina George
92%
Cady Heron
85%
Gretchen Wieners
68%
Karen Smith
57%
Aaron Samuels
44%
Janis Ian
39%
Damian Leigh
27%
Kevin Gnapoor
16%
Kylie George
10%
Shane Oman
10%
Mme Sharon Norbury
9%
Mme. June George
5%
Mr. Chip Heron
5%
Coach Carr
4%
Mme. Betsy Heron
4%
Principal Ron Duvall
2%
Aucun quiz correspondant
Distribution des résultats
% des personnes avec chaque résultat
Percentile par nombre de réponses
Votre historique - résultats
Vous n’avez pas pris ce quiz